000 02100cam a22004574i 4500
003 PE-LiUPU
005 20250731175635.0
008 150706s r 000 0 d
020 _a9789972347337
035 _a(Sirsi) i9789972347337
040 _aPE-LiUPU
_bspa
_cPE-LiUPU
_erda
049 _aPRUA
082 0 4 _a461.4
_bA59
_221
100 1 _aAtúncar Pachas, Jaime Vladimiro,
_eautor.
245 1 0 _aCuidado con lo que escribes /
_cJaime Vladimiro Atúncar Pachas.
264 1 _aLima :
_bSan Marcos,
_c2008.
300 _a345 páginas ;
_c22 centímetros
336 _atext
_2rdacontent
337 _aunmediated
_2rdamedia
338 _avolume
_2rdacarrier
505 0 _aNociones básicas -- Reglas generales de tildación.-Fenómeno vacálicos -- Tildación diacrítica.-Usos de gráfias.-Usos de b -bv -- Usos g - j -- Usos de c - s - z - x -- Usos de ll - y -- Usos de h -- Práctica.-Evaluaciones.-Exámenes.
526 _aP145
526 _aP127
526 _aP97
526 _aP35
526 _aP14
526 _aP07
541 _g015-0011205;
541 _g015-0011205;
650 0 4 _aLengua española
_xOrtografía
_xComposición y ejercicios.
650 0 4 _aLengua española
_xOrtografía
_xEstudio y enseñanza.
700 1 _aParedes Galván, Anibal,
_eed.
910 _bjv
_cng
_d20100224
942 _2ddc
_cBOOK
949 _a461.4 A59
_wDEWEY
_c1
_i61205
_lCCODEBUL1
_mBUL
_p6.00
_r0
_sY
_tBOOK
_u2015-7-6
_xFCE
_zAGB
_o.STAFF. Colección General
949 _a461.4 A59
_wDEWEY
_c2
_i61206
_lCCODEBUL1
_mBUL
_p6.00
_r0
_sY
_tBOOK
_u2015-7-6
_xFCE
_zAGB
_o.STAFF. Colección General
994 _aC0
_bPEPRU
596 _a1
999 _a461.4 A59
_wDEWEY
_c50479
_i61205
_f2021-11-8
_g6
_lCCODEBUL1
_mBUL
_p6.00
_r0
_sN
_tBOOK
_u2015-7-6
_xEDUCACION
_zAGB
_o.STAFF. Colección General
_d50479
999 _a461.4 A59
_wDEWEY
_c2
_i61206
_f2021-11-8
_g6
_lCCODEBUL1
_mBUL
_p6.00
_r0
_sN
_tBOOK
_u2015-7-6
_xEDUCACION
_zAGB
_o.STAFF. Colección General
980 _81
_gALBERTO SANCHEZ Responsable de Automatización